| 000 | 00984pab a2200169 454500 | ||
|---|---|---|---|
| 008 | 180718b2009 xxu||||| |||| 00| 0 eng d | ||
| 100 | _aMonroe, Kristen Renwick | ||
| 245 | _aWhat is political psychology? | ||
| 260 | _c2009 | ||
| 300 | _ap.859-82. | ||
| 362 | _aDec | ||
| 520 | _aWe contribute to a greater understanding of political psychology by 1) collecting data in a more systematic way for the intellectual community, 2) sensitizing students to the extent to which any intellectual discipline is socially constructed and is a work in progress, 3) heightening awareness of the political aspects of intellectual life, 4) exposing readers to the wide variety of diverse approaches and methodologies utilized by political psychologists, and 5) suggesting the range of topics psychology can address successfully and the range of techniques it can utilize. - Reproduced. | ||
| 650 | _aPolitical behaviour | ||
| 773 | _aPerspectives on Politics | ||
| 908 | _aN | ||
| 909 | _a85617 | ||
| 999 |
_c85617 _d85617 |
||